Las formas de la comunicación / (Record no. 58368)

MARC details
000 -LEADER
campo de control de longitud fija 00653nam a2200217 i 4500
001 - NÚMERO DE CONTROL
campo de control 58368
003 - IDENTIFICADOR DE NÚMERO DE CONTROL
campo de control ES-MaACL
007 - CAMPO FIJO DE DESCRIPCIÓN FÍSICA--INFORMACIÓN GENERAL
campo de control de longitud fija t|
008 - DATOS DE LONGITUD FIJA--INFORMACIÓN GENERAL
campo de control de longitud fija 031022s1985 sp ||||1| spa d
020 ## - NÚMERO INTERNACIONAL ESTÁNDAR DEL LIBRO
Número Internacional Estándar del Libro 84-86153-47-6
100 1# - ENTRADA PRINCIPAL--NOMBRE DE PERSONA
Nombre de persona Durand, Jacques.
9 (RLIN) 46253
245 14 - MENCIÓN DEL TÍTULO
Título Las formas de la comunicación /
Mención de responsabilidad, etc. Jacques Durand ; [traducido por L. Postal].
260 ## - PUBLICACIÓN, DISTRIBUCIÓN, ETC.
Lugar de publicación, distribución, etc. Barcelona :
Nombre del editor, distribuidor, etc. Mitre,
Fecha de publicación, distribución, etc. 1985.
300 ## - DESCRIPCIÓN FÍSICA
Extensión 174 p. ;
Dimensiones 21 cm.
490 1# - MENCIÓN DE SERIE
Mención de serie Ciencias de la Comunicación
504 ## - NOTA DE BIBLIOGRAFÍA, ETC.
Nota de bibliografía, etc. Bibliografía: p. 167-174.
700 1# - ENTRADA AGREGADA--NOMBRE PERSONAL
Nombre de persona Posta, L.
9 (RLIN) 93354
830 0# - PUNTO DE ACCESO ADICIONAL DE SERIE-TÍTULO UNIFORME
Título uniforme Ciencias de la Comunicación
9 (RLIN) 186832
852 ## - LOCALIZACIÓN
Ubicación ES-MaACL
Número de control de estantería L-9113
Sublocalización o colección R.110800
Holdings
Estatus retirado Estado de pérdida Estado de daño No para préstamo Biblioteca de origen Biblioteca actual Ubicación en estantería Fecha de adquisición Fuente de adquisición Total de préstamos Signatura topográfica completa Código de barras Visto por última vez Precio de reemplazo Tipo de ítem Koha
        Biblioteca del Ateneo de Madrid Biblioteca del Ateneo de Madrid Depósito 2 17/01/2008     L-9113 1061246 23/02/2023 23/02/2023 Libro impreso